Training Load, Well-Being, and Readiness (Record no. 9717)

MARC details
000 -LEADER
fixed length control field 01016nam a2200133Ia 4500
008 - FIXED-LENGTH DATA ELEMENTS--GENERAL INFORMATION
fixed length control field 220615s9999||||xx |||||||||||||| ||und||
020 ## - INTERNATIONAL STANDARD BOOK NUMBER
International Standard Book Number 9783040000000
245 #0 - TITLE STATEMENT
Title Training Load, Well-Being, and Readiness
Remainder of title Reducing Injury Risk and Improving Sports Performance
546 ## - LANGUAGE NOTE
Language note English[eng]
650 ## - SUBJECT ADDED ENTRY--TOPICAL TERM
Topical term or geographic name entry element cyclist||myometry||stiffness||incremental cycling test||football||athletic performance||match analysis||sports training||GPS||high-intensity running||acute/chronic workload ratio||high-speed running||in-season||non-starters||RPE||soccer||starters||training monotony||training strain||biomechanics||heel strike||ankle||gait change||gastrocnemius muscle stiffness||anabolic steroids||gym members||male||gym||abuse||resistance exercise||blood flow restriction||blood flow restriction exercise||injury experience||jump inside kick||static muscle contractility||dynamic muscle contractility||ankle plantarflexor
700 ## - ADDED ENTRY--PERSONAL NAME
Personal name Clemente, Filipe Manuel
856 ## - ELECTRONIC LOCATION AND ACCESS
Uniform Resource Identifier <a href="https://mdpi.com/books/pdfview/book/5321">https://mdpi.com/books/pdfview/book/5321</a>
942 ## - ADDED ENTRY ELEMENTS (KOHA)
Koha item type E-Books
Holdings
Withdrawn status Lost status Damaged status Not for loan Home library Current library Date acquired Total Checkouts Date last seen Price effective from Koha item type
        Kerala University of Digital Sciences, Innovation and Technology Knowledge Centre Kerala University of Digital Sciences, Innovation and Technology Knowledge Centre 15/06/2022   15/06/2022 15/06/2022 E-Books